Word Ladder: Missing Song Titles Quiz Stats

 Plays Quiz Updated Aug 28, 2012

Support Sporcle.
Go Orange.
Score 0/40 Timer 04:00
0 Plays Today
Song Word % Correct
Wanted ____ Or AliveDEAD
97.1%
Rolling In The ____DEEP
93.3%
Eight Days A ____WEEK
92.6%
Read 'Em And ____WEEP
92.3%
Our ____ Are SealedLIPS
91.3%
I ____ You KnockingHEAR
90.1%
The Future's So Bright, I Gotta ____ ShadesWEAR
89%
____ JohnDEAR
87.7%
Dirty ____s Done Dirt CheapDEED
87.7%
____ And PowerlessWEAK
85.9%
____ Me One ReasonGIVE
83.4%
____ Don't LieHIPS
81.9%
Whenever You're ____ MeNEAR
81.3%
Said I Loved You.. But I ____LIED
80%
The ____ Is OnHEAT
78.9%
Purple ____HAZE
78.2%
____ Like You Were DyingLIVE
77.1%
What The Water ____ MeGAVE
75.2%
The ____ In RedLADY
74.3%
The Name Of The ____GAME
74.3%
Song Word % Correct
Little ____LIES
73%
Those ____-Hazy-Crazy Days Of SummerLAZY
72.8%
(I Just) ____ In Your ArmsDIED
72.6%
This ____ Goes OnBEAT
71%
____ A MoveBUST
70.5%
____ Of YouBEST
68.8%
A ____ Shade Of WinterHAZY
67.9%
____ In The WindDUST
64.6%
____ MeHATE
56.2%
____ Off to (Roy) HarperHATS
53.8%
Medley of Isham Jones Dance ____HITS
50%
____FAME
46%
She's ____NEAT
43.7%
What Became of the Likely ____LADS
36.7%
The Drinking Man's ____DIET
36.5%
____ To YouNEXT
34.1%
Not ____ AwayFADE
33.5%
Kiss ____DUET
33.3%
____ In The WaterWADE
22.9%
____yanameWADS
17.7%

Today's Daily Dose

You're not logged in!

Compare scores with friends on all Sporcle quizzes.
OR
Log In

From the Vault

McDonald's or Burger King?

by william2

This feels like some sort of monumental decision, doesn't it?
Remove Ads.
Support Sporcle.
Get the best of Sporcle when you Go Orange. This ad-free experience offers more features, more stats, and more fun while also helping to support Sporcle. Thank you for becoming a member.

Show Comments

Extras

Top Quizzes Today


Score Distribution

Your Account Isn't Verified!

In order to create a playlist on Sporcle, you need to verify the email address you used during registration. Go to your Sporcle Settings to finish the process.

Report this User

Report this user for behavior that violates our Community Guidelines.

Details: